000
00271nam a2200109Ia 4500
008
190216s9999||||xx |||||||||||||| ||und||
100
_a
Sholokhov M S
245
0
_a
Don Samudrathilek Thanne Ozhukunnu
260
_b
Nbs Kottayam
650
_a
Malayalam Nadakam
942
_c
BK
999
_c
24048
_d
24048